000 00306pam a2200121a 44500
008 230405s2021 xxu||||| |||| 00| 0 eng d
041 _aENG
100 _aTarget Pub.
245 _aPerfect Chemistry Vol-II Std-XII Science
260 _aMumbai
_bTarget Publication
_c2021
300 _a298
906 _a19221
999 _c309719
_d309719